00362cam a22001097a 4500008004000000082002500040100002500065245004000090260004800130300001100178440006300189180718b1976 xxu||||| |||| 00| 0 eng d aA81x54 In2/71/8/Pt2D aCensus of India 1971 aJammu and Kashmir: migration tables aDelhibThe Controller of Publicationsc1976 a360+p. aCensus of India 1971. Series-8, Jammu & Kashmir. Part II-D